| 000 | 00673nam a2200217 u 4500 | ||
|---|---|---|---|
| 005 | 20240427063720.0 | ||
| 008 | 090902s2003 es r 000 0 spa d | ||
| 020 | _a844507444X | ||
| 035 | _aUPN01000172230 | ||
| 049 | _aCG | ||
| 050 | 4 |
_aPR6039 O3.2 _bP4.7 |
|
| 100 | 1 |
_aPearce, Joseph, _d1941- |
|
| 245 | 1 | 0 |
_aTolkien : _bhombre y mito / _cJoseph Pearce ; tr. Estela Gutiérrez Torres. |
| 260 |
_aBarcelona, Esp. : _bMinotauro, _c2003. |
||
| 300 | _a250 p. | ||
| 440 | 0 |
_aMinotauro ; _v2 |
|
| 534 |
_pTítulo original : _tTolkien : man and myth |
||
| 600 | 1 | 4 |
_aTOLKIEN, JOHN RONALD REUEL, _d1892-1973 |
| 650 | 4 |
_aAutores ingleses _vBiografía _94056 |
|
| 905 | _aLibro | ||
| 999 |
_c144334 _d144334 |
||